| 000 | 01424cam a2200385 i 4500 | ||
|---|---|---|---|
| 001 | 21933640 | ||
| 003 | OSt | ||
| 005 | 20231205103645.0 | ||
| 008 | 210310s2020 ii b 001 0 eng | ||
| 010 | _a 2020330860 | ||
| 020 |
_a9788178246383 _q(paperback) |
||
| 025 | _aI-E-2020330860 ; 63-92 | ||
| 037 | _bLibrary of Congress -- New Delhi Overseas Office | ||
| 040 |
_aDLC _beng _erda _cDLC _dDLC |
||
| 042 |
_alcode _apcc |
||
| 043 | _aa-ii--- | ||
| 050 | 0 | 0 |
_aJQ281 _b.Y64 2020 |
| 082 |
_a321.80954 _bYAD/M |
||
| 100 | 1 |
_aYadav, Yogendra _eauthor. _910026 |
|
| 245 | 1 | 0 |
_aMaking sense of Indian democracy : _btheory in practice / _cYogendra Yadav. |
| 264 | 1 |
_aRanikhet : _bPermanent Black in association with Ashoka University, _c2020. |
|
| 264 | 2 |
_aBangalore : _bDistributed by Orient Blackswan Private Ltd |
|
| 300 |
_axxxi, 390 pages ; _c22 cm. |
||
| 336 |
_atext _btxt _2rdacontent |
||
| 337 |
_aunmediated _bn _2rdamedia |
||
| 338 |
_avolume _bnc _2rdacarrier |
||
| 490 | 0 | _aHedgehog and fox | |
| 504 | _aIncludes bibliographical references and index. | ||
| 650 | 0 |
_aDemocracy _zIndia. |
|
| 651 | 0 |
_aIndia _xPolitics and government. |
|
| 710 | 2 |
_aAshoka University, _epublisher. |
|
| 906 |
_a7 _bcbc _corigode _d3 _encip _f20 _gy-gencatlg |
||
| 942 |
_2ddc _cBK _h321.80954 _iYAD/M _k321.80954 _mYAD/M |
||
| 999 |
_c43828 _d43828 |
||